Tourist Attractions In Dubai - Statistics

General Stats
  • This quiz has been taken 101 times
  • The average score is 5 of 15
Answer Stats
Hint Answer % Correct
Tallest artificial structure in the world Burj Khalifa
99%
The world's only 7 star property Burj Al Arab
66%
An outdoor waterpark located next to the Jumeirah Beach Hotel Wild Wadi Water Park
47%
The world's largest choreographed fountain system Dubai Fountain
45%
The Ski Resort located in the Mall of the Emirates Ski Dubai
45%
Two artificial islands which have a large number of residential, leisure, and entertainment centers Palm Islands
30%
Artificial archipelago of containing various small islands World Islands
29%
A roundabout situated in Al Rigga Deira Clock Tower
17%
An artificial canal city, built along a two-mile stretch of Persian Gulf shoreline Dubai Marina
17%
The world's largest tourism, leisure, and entertainment project near Sheikh Mohammed Bin Zayed Road Global Village
13%
The horse racing facility Meydan Racecourse
13%
The federal financial free zone Dubai International Financial Center
12%
A traditional market in Al Dhagaya Dubai Gold Souk
8%
A place which represents the traditional way of life in the Dubai Emirate Dubai Museum
7%
The largest resort in the Emirate Madinat Jumeirah
2%
No matching quizzes found
Score Distribution
Percent of People with Each Score
Percentile by Number Answered
Your Score History
You have not taken this quiz